| 000 | 00849cam a2200241 4500 | ||
|---|---|---|---|
| 001 | sa 68013680 | ||
| 003 | DLC | ||
| 005 | 20260227112623.0 | ||
| 008 | 691210s1967 pk 001 0beng | ||
| 010 | _asa 68013680 | ||
| 025 | _aPL480:P-E-1322 | ||
| 040 |
_aDLC _cDLC _dDLC |
||
| 050 | 0 | 0 |
_aDS385.K5 _bA5 |
| 082 | 0 | 0 | _a954.9/04/0924 |
| 100 | 1 |
_aKhan, Liaquat Ali, _d1895-1951. |
|
| 245 | 0 | 0 |
_aSpeeches and statements of Quaid-i-Millat Liaquat Ali Khan, 1941-51. _cCollected & edited by M. Rafique Afzal. |
| 260 |
_aLahore, _bResearch Society of Pakistan, University of the Panjab _c[1967] |
||
| 300 |
_axxxviii, 657 p. _c25 cm. |
||
| 490 | 1 |
_aResearch Society of Pakistan. Publication, _vno. 5 |
|
| 600 | 1 | 0 |
_aKhan, Liaquat Ali, _d1895-1951. |
| 700 | 1 |
_aAfzal, M. Rafique, _eed. |
|
| 830 | 0 |
_aPublication (Research Society of Pakistan), _vno. 5. |
|
| 999 |
_c85251 _d85251 |
||